Jeux vidéo en image - H - Statistiques

Statistiques générales
  • Ce quiz a été pris 138 fois
    46 depuis la dernière actualisation
  • Le résultat moyen est 9 sur 20
Statistiques - réponses
Par images Réponse % Correct
HITMAN World of Assassination
93%
Halo Infinite
90%
Hearthstone
78%
Hollow Knight
78%
Hogwarts Legacy
73%
Hades
70%
Horizon - Forbidden West
65%
Hello Neighbor 2
60%
Half-Life
53%
Heavy Rain
45%
Helldivers 2
43%
Human Fall Flat
43%
Hotline Miami
28%
Hellblade: Senua
23%
High on Life
18%
Homefront
18%
Hunt Showdown
18%
Hi-Fi Rush
15%
Heart of iron IV
13%
Humankind
10%
Aucun quiz correspondant
Distribution des résultats
% des personnes avec chaque résultat
Percentile par nombre de réponses
Votre historique - résultats
Vous n’avez pas pris ce quiz depuis la dernière actualisation